000 00789 a2200253 4500
005 20260306155735.0
008 260306b |||||||| |||| 00| 0 eng d
020 _a978-1-84541-381-1
037 _cTB
040 _aCRL
_cCRL
041 _2eng
_aeng
084 _aU8:(G:55) Q3
_qCRL
100 _aNewsome, David
_91114292
245 _aNatural area tourism:
_becology, impacts and management
250 _a2nd
260 _aNew York, USA:
_bChannel View Publications,
_c2013.
300 _axix,457p.
365 _b39.95
_cGBP
650 _aTravel
650 _aGeography
650 _aEnvironmental Science
942 _cTB
_2CC
_e2nd
_hU8:(G:55) Q3
999 _c1678839
_d1678839